| 000 | 00436nam a22001337a 4500 | ||
|---|---|---|---|
| 005 | 20151104113808.0 | ||
| 008 | 151104b xxu||||| |||| 00| 0 eng d | ||
| 100 | _aLOVEJOY, Paul E. | ||
| 245 | _aPawnship, debt, and 'freedom' in Atlantic Africa during the era of the slave trade: A reassessment | ||
| 260 |
_aCambridge _bCUP _c2014 |
||
| 300 | _avol. 55 no. 1 pp. 55-78 | ||
| 440 | _aThe Journal of African History | ||
| 942 |
_2lcc _cART |
||
| 999 |
_c172357 _d172317 |
||